000 01511cam a2200385 i 4500
001 19090294
005 20220825122820.0
008 160511s2016 nyu b 001 0ceng
010 _a 2016021050
020 _a9780062363596 (hardcover)
020 _z9780062363619 (ebook)
040 _aDLC
_beng
_cDLC
_erda
042 _apcc
043 _an-us---
050 0 0 _aQA27.5
_b.L44 2016
082 0 0 _a510.92/520973
_223
100 1 _aShetterly, Margot Lee.
_995374
245 1 0 _aHidden figures :
_bthe American dream and the untold story of the Black women mathematicians who helped win the space race
_cMargot Lee Shetterly.
250 _aFirst edition.
260 _aNew York, NY :
_bWilliam Morrow,
_c2016
264 4 _c©2016.
300 _axviii, 346 pages ;
_c24 cm
336 _atext
_2rdacontent
337 _aunmediated
_2rdamedia
338 _avolume
_2rdacarrier
504 _aIncludes bibliographical references (pages [319]-328) and index.
610 1 0 _aUnited States.
_bNational Aeronautics and Space Administration
_xOfficials and employees
_vBiography.
_995375
650 0 _aWomen mathematicians
_zUnited States
_vBiography.
_995376
650 0 _aAfrican American women
_vBiography.
_994965
650 0 _aAfrican American mathematicians
_vBiography.
_995377
650 0 _aSpace race.
_995378
906 _a7
_bcbc
_corignew
_d1
_eecip
_f20
_gy-gencatlg
942 _2ddc
_cLC
999 _c590675
_d590675